Europa en el siglo XVI: aspectos económicos

Saved in:
Bibliografiske detaljer
Hovedforfatter: Mauro, Frédéric (autor)
Format: Bog
Sprog:spansk
Udgivet: Barcelona Labor 1976
Udgivelse:2a. ed
Serier:Nueva Clio. La Historia y sus Problemas, 32
Fag:
Tags: Tilføj Tag
Ingen Tags, Vær først til at tagge denne postø!

MARC

LEADER 00000nam a2200000 a 4500
001 UCP9769
003 CL-VaPUC
008 000331e19760000SP |||||||||||||||||spa|d
082 0 4 |a 940.232  |b MAU  |2 21 
100 |a Mauro, Frédéric  |e autor  |9 534662 
245 1 0 |a Europa en el siglo XVI: aspectos económicos 
250 |a 2a. ed 
300 |a 334 p 
942 |c BK 
945 |d 20000331 00:00:00  |a rherrera 
260 |a Barcelona  |b Labor  |c 1976 
650 0 |a Historia de Europa  |9 392003 
650 0 |a Economía   |9 255568 
650 0 |a Producción agrícola  |9 353481 
650 0 |a Producción industrial  |9 307907 
650 0 |a Industrias   |9 263688 
650 0 |a Oferta y demanda  |9 255571 
650 0 |a Historiografía   |9 257871 
650 7 |a FUENTES  |2 CL-VaPUC  |9 255666 
651 0 |a Europa  |9 255156 
583 |a last modification  |c 20000331 00:00:00  |k Rodrigo Vera 
490 0 |a Nueva Clio. La Historia y sus Problemas, 32 
999 |c 286555  |d 286553 
952 |0 0  |1 0  |4 0  |6 940_232000000000000_MAU_1976  |7 0  |8 A  |9 332552  |a BIBHIS  |b BIBHIS  |d 2019-11-20  |i 1261878  |o 940.232 MAU 1976  |p 1261878  |r 2025-01-20  |w 2019-11-20  |y BK  |k HIS 
952 |0 0  |1 0  |4 0  |6 940_232000000000000_MAU_1976  |7 0  |8 A  |9 332553  |a BIBHIS  |b BIBHIS  |d 2019-11-20  |i 1261894  |o 940.232 MAU 1976  |p 1261894  |r 2025-01-20  |w 2019-11-20  |y BK  |k HIS